Championship 2026/27 - Statystyki

Ogólne statystyki
  • Ten quiz został rozwiązany 102 razy
    7 od ostatniego zresetowania
  • Średni wynik to 17 z 24
Statystyki odpowiedzi
Drużyna % Poprawnych
Birmingham City
100%
Middlesbrough
100%
Queens Park Rangers
100%
Burnley
80%
Derby County
80%
Millwall
80%
Portsmouth
80%
Southampton
80%
West Bromwich Albion
80%
West Ham United
80%
Wolverhampton Wanderers
80%
Wrexham
80%
Blackburn Rovers
60%
Bolton Wanderers
60%
Bristol City
60%
Cardiff City
60%
Charlton Athletic
60%
Norwich City
60%
Preston North End
60%
Sheffield United
60%
Swansea City
60%
Watford
60%
Stoke City
40%
Lincoln City
20%
Nie znaleziono quizów pasujących do podanych kryteriów
Rozkład punktacji
Procent ludzi z każdym wynikiem
Percentyl według liczby udzielonych odpowiedzi
Twoja historia wyników
Nie rozwiązałeś tego quizu od ostatniego zresetowania